[Event "Savona Provinz-ch"]
[Site "Savona"]
[Date "2011.01.30"]
[Round "5"]
[White "Lupini, Stefano"]
[Black "Castellano, Adriano"]
[Result "1-0"]
[WhiteElo "1936"]
[BlackElo "1676"]
[PlyCount "81"]
[EventDate "2011.01.28"]
[EventType "swiss"]
[EventRounds "5"]
[EventCountry "ITA"]
[SourceTitle "EXT 2012"]
[Source "ChessBase"]
[SourceDate "2011.11.24"]
[SourceVersion "1"]
[SourceVersionDate "2011.11.24"]
[SourceQuality "1"]

1. d4 d5 2. c4 e6 3. Nc3 Nf6 4. cxd5 exd5 5. Bg5 Bb4 6. a3 Bxc3+ 7. bxc3 Be6 8. Nf3 h6 9. Bf4 Nc6 10. h3 Nh5 11. Bh2 0-0 12. e3 Ne7 13. Bd3 Nf6 14. 0-0 Bf5 15. Be2 Ne4 16. Qb3 b6 17. Rad1 c5 18. Nd2 c4 19. Qb2 a5 20. Nxe4 Bxe4 21. f3 Bg6 22. e4 dxe4 23. fxe4 Bxe4 24. Bxc4 Nf5 25. Rde1 Re8 26. Rxe4 Rxe4 27. Rxf5 Re1+ 28. Rf1 Rxf1+ 29. Bxf1 Qg5 30. c4 Qe3+ 31. Kh1 Qe1 32. Qe2 Qxe2 33. Bxe2 Re8 34. Bf3 Re1+ 35. Bg1 Ra1 36. d5 Kf8 37. Kh2 Rxa3 38. Bxb6 Rc3 39. d6 Rxc4 40. d7 Ke7 41. d8Q+ 1-0

[Event "Savona Provinz-ch"]
[Site "Savona"]
[Date "2011.01.29"]
[Round "2"]
[White "Nikolajevic, Tihomir"]
[Black "Castellano, Adriano"]
[Result "1-0"]
[WhiteElo "1865"]
[BlackElo "1676"]
[PlyCount "89"]
[EventDate "2011.01.28"]
[EventType "swiss"]
[EventRounds "5"]
[EventCountry "ITA"]
[SourceTitle "EXT 2012"]
[Source "ChessBase"]
[SourceDate "2011.11.24"]
[SourceVersion "1"]
[SourceVersionDate "2011.11.24"]
[SourceQuality "1"]

1. Nf3 Nf6 2. c4 e6 3. g3 g6 4. b3 Bg7 5. Bb2 0-0 6. Bg2 c6 7. 0-0 d5 8. d3 Nbd7 9. Nbd2 Re8 10. Ne1 e5 11. e4 d4 12. b4 a6 13. Nb3 b6 14. Nc2 Nf8 15. f4 Bg4 16. Qe1 exf4 17. gxf4 Qd7 18. Ncxd4 Bh3 19. Qg3 Bxg2 20. Kxg2 Nh5 21. Qf3 Ne6 22. Nxe6 Bxb2 23. Rab1 Bc3 24. Ng5 Bxb4 25. d4 Be7 26. Nh3 Qe6 27. d5 cxd5 28. cxd5 Qd6 29. e5 Qa3 30. Rf2 Rac8 31. Rd2 Bb4 32. Re2 Rc3 33. Qe4 Rec8 34. d6 R8c4 35. Qa8+ Kg7 36. d7 Nxf4+ 37. Nxf4 Rxf4 38. d8Q Rg4+ 39. Kh1 Bc5 40. Qf6+ Kh6 41. Rg2 Qb4 42. Qf1 Rf4 43. Qd1 Rcf3 44. Qaxf3 Rxf3 45. Qxf3 1-0